<?xml version="1.0" encoding="UTF-8"?>
<record
    xmlns:xsi="http://www.w3.org/2001/XMLSchema-instance"
    xsi:schemaLocation="http://www.loc.gov/MARC21/slim http://www.loc.gov/standards/marcxml/schema/MARC21slim.xsd"
    xmlns="http://www.loc.gov/MARC21/slim">

  <leader>02299nam a22002897a 4500</leader>
  <controlfield tag="003">NALT</controlfield>
  <controlfield tag="005">20250902083034.0</controlfield>
  <controlfield tag="008">      s2557    th                  tha d</controlfield>
  <datafield tag="020" ind1=" " ind2=" ">
    <subfield code="a">9789744497550</subfield>
  </datafield>
  <datafield tag="040" ind1=" " ind2=" ">
    <subfield code="a">NALT</subfield>
  </datafield>
  <datafield tag="050" ind1=" " ind2=" ">
    <subfield code="a">JZ 4850 </subfield>
    <subfield code="b">&#xE02;139&#xE18; 2557</subfield>
  </datafield>
  <datafield tag="100" ind1="0" ind2=" ">
    <subfield code="a">&#xE02;&#xE08;&#xE34;&#xE15; &#xE08;&#xE34;&#xE15;&#xE15;&#xE40;&#xE2A;&#xE27;&#xE35;</subfield>
    <subfield code="9">29833</subfield>
  </datafield>
  <datafield tag="245" ind1="1" ind2="0">
    <subfield code="a">&#xE18;&#xE23;&#xE23;&#xE21;&#xE32;&#xE20;&#xE34;&#xE1A;&#xE32;&#xE25;&#xE42;&#xE25;&#xE01; : </subfield>
    <subfield code="b">&#xE2B;&#xE25;&#xE31;&#xE01;&#xE01;&#xE32;&#xE23; &#xE2D;&#xE07;&#xE04;&#xE4C;&#xE01;&#xE32;&#xE23; &#xE41;&#xE25;&#xE30;&#xE01;&#xE23;&#xE30;&#xE1A;&#xE27;&#xE19;&#xE01;&#xE32;&#xE23;&#xE02;&#xE2D;&#xE07;&#xE42;&#xE25;&#xE01;&#xE32;&#xE18;&#xE23;&#xE23;&#xE21;&#xE32;&#xE20;&#xE34;&#xE1A;&#xE32;&#xE25; /</subfield>
    <subfield code="c">&#xE02;&#xE08;&#xE34;&#xE15; &#xE08;&#xE34;&#xE15;&#xE15;&#xE40;&#xE2A;&#xE27;&#xE35;.</subfield>
    <subfield code="h">[electronic resource]</subfield>
  </datafield>
  <datafield tag="260" ind1=" " ind2=" ">
    <subfield code="a">&#xE01;&#xE23;&#xE38;&#xE07;&#xE40;&#xE17;&#xE1E;&#xE2F; : </subfield>
    <subfield code="b">&#xE2A;&#xE33;&#xE19;&#xE31;&#xE01;&#xE27;&#xE34;&#xE08;&#xE31;&#xE22;&#xE41;&#xE25;&#xE30;&#xE1E;&#xE31;&#xE12;&#xE19;&#xE32; &#xE2A;&#xE16;&#xE32;&#xE1A;&#xE31;&#xE19;&#xE1E;&#xE23;&#xE30;&#xE1B;&#xE01;&#xE40;&#xE01;&#xE25;&#xE49;&#xE32;, </subfield>
    <subfield code="c">2557.</subfield>
  </datafield>
  <datafield tag="300" ind1=" " ind2=" ">
    <subfield code="a">372 &#xE2B;&#xE19;&#xE49;&#xE32; :</subfield>
    <subfield code="b">&#xE20;&#xE32;&#xE1E;&#xE1B;&#xE23;&#xE30;&#xE01;&#xE2D;&#xE1A;, &#xE15;&#xE32;&#xE23;&#xE32;&#xE07; ;</subfield>
    <subfield code="c">21 &#xE0B;&#xE21;.</subfield>
  </datafield>
  <datafield tag="300" ind1=" " ind2=" ">
    <subfield code="a">Online resource</subfield>
  </datafield>
  <datafield tag="505" ind1="2" ind2=" ">
    <subfield code="a">&#xE18;&#xE23;&#xE23;&#xE21;&#xE32;&#xE20;&#xE34;&#xE1A;&#xE32;&#xE25;&#xE42;&#xE25;&#xE01;&#xE17;&#xE35;&#xE48;&#xE01;&#xE33;&#xE25;&#xE31;&#xE07;&#xE01;&#xE48;&#xE2D;&#xE15;&#xE31;&#xE27;&#xE41;&#xE25;&#xE30;&#xE01;&#xE32;&#xE23;&#xE2D;&#xE20;&#xE34;&#xE1A;&#xE32;&#xE25;&#xE42;&#xE25;&#xE01;&#xE41;&#xE2B;&#xE48;&#xE07;&#xE22;&#xE38;&#xE04;&#xE42;&#xE25;&#xE01;&#xE32;&#xE20;&#xE34;&#xE27;&#xE31;&#xE15;&#xE19;&#xE4C; -- 
&#xE1A;&#xE17;&#xE17;&#xE35;&#xE48; 1 &#xE18;&#xE23;&#xE23;&#xE21;&#xE32;&#xE20;&#xE34;&#xE1A;&#xE32;&#xE25;&#xE01;&#xE31;&#xE1A;&#xE18;&#xE23;&#xE23;&#xE21;&#xE32;&#xE20;&#xE34;&#xE1A;&#xE32;&#xE25;&#xE42;&#xE25;&#xE01; : &#xE41;&#xE19;&#xE27;&#xE04;&#xE34;&#xE14; &#xE04;&#xE27;&#xE32;&#xE21;&#xE2B;&#xE21;&#xE32;&#xE22; &#xE41;&#xE25;&#xE30;&#xE02;&#xE2D;&#xE1A;&#xE40;&#xE02;&#xE15;&#xE02;&#xE2D;&#xE07;&#xE01;&#xE32;&#xE23;&#xE2D;&#xE20;&#xE34;&#xE1A;&#xE32;&#xE25;&#xE42;&#xE25;&#xE01;&#xE32;&#xE20;&#xE34;&#xE27;&#xE31;&#xE15;&#xE19;&#xE4C; -- 
&#xE1A;&#xE17;&#xE17;&#xE35;&#xE48; 2 &#xE2A;&#xE16;&#xE32;&#xE1B;&#xE31;&#xE15;&#xE22;&#xE01;&#xE23;&#xE23;&#xE21;&#xE02;&#xE2D;&#xE07;&#xE18;&#xE23;&#xE23;&#xE21;&#xE32;&#xE20;&#xE34;&#xE1A;&#xE32;&#xE25;&#xE42;&#xE25;&#xE01; -- 
&#xE1A;&#xE17;&#xE17;&#xE35;&#xE48; 3 &#xE18;&#xE23;&#xE23;&#xE21;&#xE32;&#xE20;&#xE34;&#xE1A;&#xE32;&#xE25;&#xE42;&#xE25;&#xE01;&#xE43;&#xE19;&#xE1B;&#xE23;&#xE30;&#xE40;&#xE14;&#xE47;&#xE19; &#xE41;&#xE25;&#xE30;&#xE1B;&#xE31;&#xE0D;&#xE2B;&#xE32;&#xE02;&#xE2D;&#xE07;&#xE17;&#xE31;&#xE49;&#xE07;&#xE42;&#xE25;&#xE01; --  
&#xE1A;&#xE17;&#xE2A;&#xE23;&#xE38;&#xE1B; &#xE01;&#xE32;&#xE23;&#xE2D;&#xE20;&#xE34;&#xE1A;&#xE32;&#xE25;&#xE42;&#xE25;&#xE01;&#xE41;&#xE2B;&#xE48;&#xE07;&#xE28;&#xE15;&#xE27;&#xE23;&#xE23;&#xE29;&#xE17;&#xE35;&#xE48; 21 : &#xE17;&#xE32;&#xE07;&#xE41;&#xE1E;&#xE23;&#xE48;&#xE07;&#xE23;&#xE30;&#xE2B;&#xE27;&#xE48;&#xE32;&#xE07;&#xE42;&#xE25;&#xE01;&#xE41;&#xE2B;&#xE48;&#xE07;&#xE2D;&#xE19;&#xE32;&#xE18;&#xE34;&#xE1B;&#xE44;&#xE15;&#xE22;&#xE01;&#xE31;&#xE1A;&#xE18;&#xE23;&#xE23;&#xE21;&#xE20;&#xE34;&#xE1A;&#xE32;&#xE25;&#xE42;&#xE25;&#xE01;.</subfield>
  </datafield>
  <datafield tag="650" ind1=" " ind2="4">
    <subfield code="a">&#xE04;&#xE27;&#xE32;&#xE21;&#xE23;&#xE48;&#xE27;&#xE21;&#xE21;&#xE37;&#xE2D;&#xE23;&#xE30;&#xE2B;&#xE27;&#xE48;&#xE32;&#xE07;&#xE1B;&#xE23;&#xE30;&#xE40;&#xE17;&#xE28;</subfield>
    <subfield code="9">17899</subfield>
  </datafield>
  <datafield tag="650" ind1=" " ind2="4">
    <subfield code="a">&#xE01;&#xE32;&#xE23;&#xE40;&#xE21;&#xE37;&#xE2D;&#xE07;&#xE02;&#xE2D;&#xE07;&#xE42;&#xE25;&#xE01;</subfield>
    <subfield code="9">14817</subfield>
  </datafield>
  <datafield tag="650" ind1=" " ind2="4">
    <subfield code="a">&#xE2D;&#xE07;&#xE04;&#xE4C;&#xE01;&#xE32;&#xE23;&#xE23;&#xE30;&#xE2B;&#xE27;&#xE48;&#xE32;&#xE07;&#xE1B;&#xE23;&#xE30;&#xE40;&#xE17;&#xE28;</subfield>
    <subfield code="9">2583</subfield>
  </datafield>
  <datafield tag="650" ind1=" " ind2="4">
    <subfield code="a">&#xE18;&#xE23;&#xE23;&#xE21;&#xE23;&#xE31;&#xE10;</subfield>
    <subfield code="9">3947</subfield>
  </datafield>
  <datafield tag="650" ind1=" " ind2="4">
    <subfield code="a">&#xE42;&#xE25;&#xE01;&#xE32;&#xE20;&#xE34;&#xE27;&#xE31;&#xE15;&#xE19;&#xE4C;</subfield>
    <subfield code="9">10382</subfield>
  </datafield>
  <datafield tag="850" ind1=" " ind2=" ">
    <subfield code="a">NALT</subfield>
  </datafield>
  <datafield tag="856" ind1="4" ind2="0">
    <subfield code="u">https://ebook.parliament.go.th/ebookall/detail/431614</subfield>
    <subfield code="z">E-Book</subfield>
  </datafield>
  <datafield tag="942" ind1=" " ind2=" ">
    <subfield code="c">EBK</subfield>
    <subfield code="2">lcc</subfield>
  </datafield>
  <datafield tag="996" ind1=" " ind2=" ">
    <subfield code="a">i002</subfield>
    <subfield code="b">CATSTF	</subfield>
    <subfield code="c">2024-04-18</subfield>
  </datafield>
  <datafield tag="999" ind1=" " ind2=" ">
    <subfield code="c">71531</subfield>
    <subfield code="d">71531</subfield>
  </datafield>
  <datafield tag="998" ind1=" " ind2=" ">
    <subfield code="j">1020</subfield>
    <subfield code="k"> &#xE19;&#xE32;&#xE07;&#xE08;&#xE33;&#xE40;&#xE23;&#xE35;&#xE22;&#xE07;  &#xE23;&#xE30;&#xE27;&#xE31;&#xE07;&#xE2A;&#xE33;&#xE42;&#xE23;&#xE07;</subfield>
  </datafield>
  <datafield tag="952" ind1=" " ind2=" ">
    <subfield code="0">0</subfield>
    <subfield code="1">0</subfield>
    <subfield code="2">lcc</subfield>
    <subfield code="4">0</subfield>
    <subfield code="7">0</subfield>
    <subfield code="8">CGBL</subfield>
    <subfield code="a">NALT</subfield>
    <subfield code="b">NALT</subfield>
    <subfield code="c">GEN</subfield>
    <subfield code="d">2023-01-03</subfield>
    <subfield code="e">&#xE1A;&#xE23;&#xE34;&#xE08;&#xE32;&#xE04;</subfield>
    <subfield code="o">JZ 4850 &#xE02;139&#xE18; 2557</subfield>
    <subfield code="p">3961198485</subfield>
    <subfield code="r">2018-08-02 00:00:00</subfield>
    <subfield code="s">2018-07-18</subfield>
    <subfield code="y">GB</subfield>
  </datafield>
  <datafield tag="952" ind1=" " ind2=" ">
    <subfield code="0">0</subfield>
    <subfield code="1">0</subfield>
    <subfield code="2">lcc</subfield>
    <subfield code="4">0</subfield>
    <subfield code="7">0</subfield>
    <subfield code="8">CSEN</subfield>
    <subfield code="a">NALT</subfield>
    <subfield code="b">NALT</subfield>
    <subfield code="c">GEN</subfield>
    <subfield code="d">2022-04-25</subfield>
    <subfield code="o">JZ 4850 &#xE02;139&#xE18; 2557</subfield>
    <subfield code="p">0100006839001</subfield>
    <subfield code="r">2022-09-28 00:00:00</subfield>
    <subfield code="y">GB</subfield>
  </datafield>
  <datafield tag="952" ind1=" " ind2=" ">
    <subfield code="0">0</subfield>
    <subfield code="1">0</subfield>
    <subfield code="2">lcc</subfield>
    <subfield code="4">0</subfield>
    <subfield code="7">0</subfield>
    <subfield code="8">CERS</subfield>
    <subfield code="a">NALT</subfield>
    <subfield code="b">NALT</subfield>
    <subfield code="c">ONLINE</subfield>
    <subfield code="d">2024-04-18</subfield>
    <subfield code="e">191</subfield>
    <subfield code="r">2023-09-29 00:00:00</subfield>
    <subfield code="y">EBK</subfield>
  </datafield>
</record>
